Statistics for Fictional Couples

Click here to take the quiz!

General Stats

  • This quiz has been taken 45 times
  • The average score is 5 of 15

Answer Stats

Book/TVAnswer% Correct
The Hunger GamesKatniss EverdeenPeeta Mellark
88%
DivergentTris PriorTobias Eaton
58%
The Fault in Our StarsAugustas WatersHazel
55%
Percy JacksonPercy JacksonAnnabeth Chase
50%
Doctor WhoRory WilliamsAmy Pond
40%
SherlockJohn WatsonMary
40%
The Hunger GamesAnnie CrestaFinnick Odair
38%
Doctor WhoRose TylerThe Doctor
33%
DivergentChristinaWill
33%
Heroes of OlympusFrank ZhangHazel
28%
Heroes of OlympusPiper McLeanJason
25%
Percy JacksonCharles BeckendorfSilena Beauregard
20%
Percy JacksonGrover UnderwoodJuniper
18%
LegendDayJune Iparis
10%
DivergentUriahMarlene
3%

Score Distribution

Percentile by Number Answered

Percent of People with Each Score

Your Score History

You have not taken this quiz